<?xml version="1.0" encoding="UTF-8"?>
<record
    xmlns:xsi="http://www.w3.org/2001/XMLSchema-instance"
    xsi:schemaLocation="http://www.loc.gov/MARC21/slim http://www.loc.gov/standards/marcxml/schema/MARC21slim.xsd"
    xmlns="http://www.loc.gov/MARC21/slim">

  <leader>00413nam a22001577a 4500</leader>
  <controlfield tag="005">20200518131018.0</controlfield>
  <controlfield tag="008">200518b        xxu||||| |||| 00| 0 eng d</controlfield>
  <datafield tag="041" ind1=" " ind2=" ">
    <subfield code="a">eng</subfield>
  </datafield>
  <datafield tag="082" ind1=" " ind2=" ">
    <subfield code="a">615.1 BAN</subfield>
  </datafield>
  <datafield tag="100" ind1=" " ind2=" ">
    <subfield code="a">Bansal Mayank</subfield>
    <subfield code="9">5524</subfield>
  </datafield>
  <datafield tag="245" ind1=" " ind2=" ">
    <subfield code="a">Community Pharmacy( With hand on practical exercise)</subfield>
  </datafield>
  <datafield tag="260" ind1=" " ind2=" ">
    <subfield code="a">Modinagar (UP)</subfield>
    <subfield code="b">Unnati Publication</subfield>
    <subfield code="c">2011</subfield>
  </datafield>
  <datafield tag="300" ind1=" " ind2=" ">
    <subfield code="a">240</subfield>
  </datafield>
  <datafield tag="650" ind1=" " ind2=" ">
    <subfield code="a">Pharmacy</subfield>
    <subfield code="9">5525</subfield>
  </datafield>
  <datafield tag="942" ind1=" " ind2=" ">
    <subfield code="c">BK</subfield>
  </datafield>
  <datafield tag="999" ind1=" " ind2=" ">
    <subfield code="c">6281</subfield>
    <subfield code="d">6279</subfield>
  </datafield>
  <datafield tag="952" ind1=" " ind2=" ">
    <subfield code="0">0</subfield>
    <subfield code="1">0</subfield>
    <subfield code="4">0</subfield>
    <subfield code="7">0</subfield>
    <subfield code="8">PHARMACY</subfield>
    <subfield code="a">JRU</subfield>
    <subfield code="b">JRU</subfield>
    <subfield code="c">SHELF - 19 - I</subfield>
    <subfield code="d">2020-05-18</subfield>
    <subfield code="e">PURCHASE</subfield>
    <subfield code="g">200.00</subfield>
    <subfield code="l">2</subfield>
    <subfield code="o">615.1 BAN</subfield>
    <subfield code="p">23995</subfield>
    <subfield code="r">2023-06-26 00:00:00</subfield>
    <subfield code="s">2023-03-27</subfield>
    <subfield code="w">2020-05-18</subfield>
    <subfield code="y">BK</subfield>
  </datafield>
  <datafield tag="952" ind1=" " ind2=" ">
    <subfield code="0">0</subfield>
    <subfield code="1">0</subfield>
    <subfield code="4">0</subfield>
    <subfield code="7">0</subfield>
    <subfield code="8">PHARMACY</subfield>
    <subfield code="a">JRU</subfield>
    <subfield code="b">JRU</subfield>
    <subfield code="c">SHELF - 19 - I</subfield>
    <subfield code="d">2020-05-18</subfield>
    <subfield code="e">PURCHASE</subfield>
    <subfield code="g">200.00</subfield>
    <subfield code="l">0</subfield>
    <subfield code="o">615.1 BAN</subfield>
    <subfield code="p">23996</subfield>
    <subfield code="r">2020-05-18 00:00:00</subfield>
    <subfield code="w">2020-05-18</subfield>
    <subfield code="y">BK</subfield>
  </datafield>
  <datafield tag="952" ind1=" " ind2=" ">
    <subfield code="0">0</subfield>
    <subfield code="1">0</subfield>
    <subfield code="4">0</subfield>
    <subfield code="7">0</subfield>
    <subfield code="8">PHARMACY</subfield>
    <subfield code="a">JRU</subfield>
    <subfield code="b">JRU</subfield>
    <subfield code="c">SHELF - 19 - I</subfield>
    <subfield code="d">2020-05-18</subfield>
    <subfield code="e">PURCHASE</subfield>
    <subfield code="g">200.00</subfield>
    <subfield code="l">1</subfield>
    <subfield code="o">615.1 BAN</subfield>
    <subfield code="p">23997</subfield>
    <subfield code="r">2022-12-17 00:00:00</subfield>
    <subfield code="s">2022-09-23</subfield>
    <subfield code="w">2020-05-18</subfield>
    <subfield code="y">BK</subfield>
  </datafield>
  <datafield tag="952" ind1=" " ind2=" ">
    <subfield code="0">0</subfield>
    <subfield code="1">0</subfield>
    <subfield code="4">0</subfield>
    <subfield code="7">0</subfield>
    <subfield code="8">PHARMACY</subfield>
    <subfield code="a">JRU</subfield>
    <subfield code="b">JRU</subfield>
    <subfield code="c">SHELF - 19 - I</subfield>
    <subfield code="d">2020-05-18</subfield>
    <subfield code="e">PURCHASE</subfield>
    <subfield code="g">200.00</subfield>
    <subfield code="l">0</subfield>
    <subfield code="o">615.1 BAN</subfield>
    <subfield code="p">23998</subfield>
    <subfield code="r">2020-05-18 00:00:00</subfield>
    <subfield code="w">2020-05-18</subfield>
    <subfield code="y">BK</subfield>
  </datafield>
  <datafield tag="952" ind1=" " ind2=" ">
    <subfield code="0">0</subfield>
    <subfield code="1">0</subfield>
    <subfield code="4">0</subfield>
    <subfield code="7">0</subfield>
    <subfield code="8">PHARMACY</subfield>
    <subfield code="a">JRU</subfield>
    <subfield code="b">JRU</subfield>
    <subfield code="c">SHELF - 19 - I</subfield>
    <subfield code="d">2020-05-18</subfield>
    <subfield code="e">PURCHASE</subfield>
    <subfield code="g">200.00</subfield>
    <subfield code="l">0</subfield>
    <subfield code="o">615.1 BAN</subfield>
    <subfield code="p">23999</subfield>
    <subfield code="r">2020-05-18 00:00:00</subfield>
    <subfield code="w">2020-05-18</subfield>
    <subfield code="y">BK</subfield>
  </datafield>
</record>
